000 00487nam a2200205Ia 4500
003 GCL
008 140319s9999 xx 000 0 eng d
040 _aGCL /
_cGCL
082 0 4 _a823.087
_bO A
100 1 _aORWELL, GEORGE
245 1 0 _aANIMAL FARM /
_cORWELL, GEORGE
260 _a[S.N] :
_bLONGMAN
300 _a112 P
650 0 4 _aENGLISH LITERATURE
650 0 4 _aLITERATURE
650 0 4 _aENGLISH FICTION
650 0 4 _aFICTION
650 0 4 _aLITERARY FORM
942 _2ddc
_cBK
999 _c24671
_d24671